000 00933cam a22002413a 4500
001 25300
003 PGUSA
005 20140828083538.0
008 080502s2008||||xxu|||||s|||||000 | eng d
040 _aPGUSA
_beng
042 _adc
050 4 _aHB
245 1 4 _aThe Causes of the Rebellion in Ireland Disclosed :
_bIn an Address to the People of England, in Which It Is Proved by Incontrovertible Facts, That the System for Some Years Pursued in That Country, Has Driven It into Its Present Dreadful Situation
_h[electronic resource] /
_cAnonymous
260 _bProject Gutenberg,
_c2008
506 _aPublic domain in the USA.
516 _aElectronic text
653 _aGreat Britain -- Politics and government -- 1714-1820
653 _aIreland -- Politics and government -- 1760-1820
653 _aIrish question
830 0 _aProject Gutenberg
_v25300
856 4 0 _uhttp://www.gutenberg.org/ebooks/25300
942 _cEB
999 _c254555
_d254555